01660nam a22002777a 4500003000900000008004100009040007100050082002700121110003300148245004500181260003200226300004600258440010700304505071700411650002701128650001801155650002701173700002101200700002301221700002501244700002601269700002101295700002201316700002101338700002301359AR-CdUCM190425b ||||| |||| 00| 0 spa d aMUNICIPALIDAD PROVINCIAL DEL CUSCOcBIBLIOTECA MUNICIPAL DEL CUSCO aRev.Allp/N°11-12/1978 aInstituto de Pastoral Andina aAllpanchis Phuturinqa :bRevista Anual / aLima :bItal Perú,c1979. a232 páginas. :bilustraciones ;c20 cm. aRevista del Instituto de Pastoral Andina CusconAño [ ], [ ] semestre de 1978, N°11-12. Vol. XI-XII aContenido: Testimonios referentes al movimiento de Tupac Amaru II, 1784-1812. Lorenzo Huertas. -- El sur andino a fines del siglo XVIII cacique o corregidor. Scarlett O´phelan. -- Los indios y la constitución de 1812. Christine Hunefeldt. -- Una rebelión de culíes chinos, Pativilca 1870. Humberto Rodríguez. -- Los movimientos campesinos en la Guerra del Pacifico. Nelson Manrique. -- Movimientos sociales en Cayaltí 1915-1919. Wilfredo Kapsoli. -- Rumi Maqui y la nacionalidad quechua. Manuel Vassallo. -- Movimientos campesinos en la sociedad ganadera del centro 1910-1950. Gerardo Renique. -- El mercado interno y la espontaneidad de los movimiento campesinos Puno 1950-1968. Ricardo Claverias. aMovimientos campesinos aTúpac Amaru aLevantamientos andinos aHuertas, Lorenzo aO'phelan, Scarlett aHunefeldt, Christine aRodríguez, Humberto aManrique, Nelson aKapsoli, Wilfredo aRenique, Gerardo aClaverias, Ricardo